<?xml version="1.0" encoding="UTF-8"?>
<marc:record xmlns:marc="http://www.loc.gov/MARC21/slim">
   <marc:leader>00000nam a2200000 a 4500</marc:leader>
   <marc:datafield ind1="1" ind2=" " tag="100">
      <marc:subfield code="a">Haase, Bettina Louise</marc:subfield>
      <marc:subfield code="4">aut</marc:subfield>
      <marc:subfield code="e">Verfasser/-in</marc:subfield>
   </marc:datafield>
   <marc:datafield ind1=" " ind2=" " tag="653">
      <marc:subfield code="a">Rezepte</marc:subfield>
   </marc:datafield>
   <marc:datafield ind1=" " ind2=" " tag="653">
      <marc:subfield code="a">volksmedizinische Anwendungen</marc:subfield>
   </marc:datafield>
   <marc:datafield ind1=" " ind2=" " tag="653">
      <marc:subfield code="a">Pflanzenwissen</marc:subfield>
   </marc:datafield>
   <marc:datafield ind1=" " ind2=" " tag="653">
      <marc:subfield code="a">Naturheilkunde; Kräuterheilkunde</marc:subfield>
   </marc:datafield>
   <marc:datafield ind1=" " ind2=" " tag="653">
      <marc:subfield code="a">Überlieferung</marc:subfield>
   </marc:datafield>
   <marc:datafield ind1=" " ind2=" " tag="653">
      <marc:subfield code="a">pädadogisch</marc:subfield>
   </marc:datafield>
   <marc:datafield ind1=" " ind2=" " tag="653">
      <marc:subfield code="a">Wissensvermittlung</marc:subfield>
   </marc:datafield>
   <marc:datafield ind1=" " ind2=" " tag="653">
      <marc:subfield code="a">Kräuterwanderung</marc:subfield>
   </marc:datafield>
   <marc:datafield ind1=" " ind2=" " tag="653">
      <marc:subfield code="a">Softcover / Ratgeber/Gesundheit/Alternative Heilverfahren</marc:subfield>
   </marc:datafield>
   <marc:datafield ind1="0" ind2="0" tag="245">
      <marc:subfield code="a">Pflanzenkraft und Kräuterwunder</marc:subfield>
   </marc:datafield>
   <marc:datafield ind1="0" ind2="0" tag="245">
      <marc:subfield code="b">Mit Deutschlands bekanntesten Kräuterfrauen durch das Jahr</marc:subfield>
   </marc:datafield>
   <marc:datafield ind1="0" ind2="0" tag="245">
      <marc:subfield code="c">Bettina Louise Haase</marc:subfield>
   </marc:datafield>
   <marc:datafield ind1=" " ind2="1" tag="264">
      <marc:subfield code="a">Linz</marc:subfield>
      <marc:subfield code="b">Freya</marc:subfield>
      <marc:subfield code="c">2015</marc:subfield>
   </marc:datafield>
   <marc:datafield ind1="1" ind2=" " tag="520">
      <marc:subfield code="a">Angaben aus der Verlagsmeldung

Pflanzenkraft und Kräuterwunder : Mit Deutschlands bekanntesten Kräuterfrauen durch das Jahr / von Bettina Luise Haase

Mit Deutschlands bekanntesten Kräuterfrauen durch das Jahr

Im Voralpenraum gibt es sie noch: „Weise Frauen“ mit kostbarem, überliefertem Pflanzenwissen, das von ihren Großmüttern an sie weitergegeben wurde. Für jeden Monat im Jahreslauf steht eine dieser weit über die Grenzen ihrer Länder bekannten Kräuterfrauen, die sich durch ihre große Naturverbundenheit auszeichnen. Sie alle berichten über persönliche Rituale im Rhythmus der Jahreszeiten.

In Bild und Wort stellen sich 12 berühmte Kräuterlehrerinnen vor. Die meistens von ihnen haben richtungsweisende Bücher verfasst. Eine dieser „besonderen“
Kräuterfrauen ist Adelheid Lingg aus dem Allgäu. Sie ist schon seit frühester Kindheit durch ihre Familie in intensivem Kontakt mit der Natur. Aber auch Eva Aschenbrenner, Anni Madl, Susanne Fischer-Rizzi
oder Ursula Bühring und viele mehr kommen im Buch zu Wort.
</marc:subfield>
   </marc:datafield>
   <marc:datafield ind1=" " ind2=" " tag="020">
      <marc:subfield code="a">9783990251584</marc:subfield>
      <marc:subfield code="9">9783990251584</marc:subfield>
   </marc:datafield>
   <marc:datafield ind1=" " ind2=" " tag="300">
      <marc:subfield code="a">160 S.</marc:subfield>
   </marc:datafield>
</marc:record>
